Optimalizácia parametrov štatistickej regulácie výrobného procesu

Optimalizácia veľkosti výberu n a času t medzi dvoma bezprostredne susednými výbermi pri regulácii výrobného procesu. Shewhartove regulačné diagramy. Výpočty optimalizačných parametrov. Náklady na reguláciu a ich minimalizácia.

Na minha lista:
Detalhes bibliográficos
Autor principal: Terek, Milan
Outros Autores: Hrnčiarová, Ľubica
Formato: Livro
Idioma:eslovaco
Assuntos:
Tags: Adicionar Tag
Sem tags, seja o primeiro a adicionar uma tag!

MARC

LEADER 00000nam a2200000 4500
001 r031699
005 20230906072743.0
041 0 |a slo 
044 |a SK 
245 1 0 |a Optimalizácia parametrov štatistickej regulácie výrobného procesu  |c Milan Terek, Ľubica Hrnčiarová 
520 |a Optimalizácia veľkosti výberu n a času t medzi dvoma bezprostredne susednými výbermi pri regulácii výrobného procesu. Shewhartove regulačné diagramy. Výpočty optimalizačných parametrov. Náklady na reguláciu a ich minimalizácia. 
610 2 0 |a optimalizácia 
610 2 0 |a proces výrobný 
610 2 0 |a výroba 
610 2 0 |a diagramy regulačné 
610 2 0 |a náklady 
100 1 |a Terek, Milan 
700 1 |a Hrnčiarová, Ľubica